Controlled photomosaic of the MTM -50036 quadrangle, Argyre Planitia Region of Mars /

Bibliographic Details
Corporate Authors: Geological Survey (U.S.), Planetary Geology Program (U.S.), United States. National Aeronautics and Space Administration
Format: Government Document Map
Language:English
Published: Reston, Va. : Denver, CO : The Survey ; For sale by Map Distribution, 1992.
Series:Miscellaneous investigations series (Geological Survey (U.S.)) ; map I-2253.
Subjects:

MARC

Tag First Indicator Second Indicator Subfields
LEADER 00000cem a2200000Ia 4500
001 in00001125437
005 20211208090837.0
007 ar aanzn
008 930204s1992 vau bh a f 0 eng d
035 |a (OCoLC)ocm27369266 
040 |a GIS  |b eng  |c GIS  |d GPO  |d SPI  |d OCL  |d OCLCQ  |d NRU  |d OCLCQ  |d OCLCF  |d OCLCO  |d XFF  |d OCLCQ  |d OCLCO  |d OCL  |d WVU  |d OCLCO  |d VGM  |d HTM  |d ZAP  |d OCLCO  |d LHL  |d OCLCO  |d BUF  |d OCLCO 
019 |a 1225803339 
034 1 |a a  |b 502000 
035 |a (OCoLC)27369266  |z (OCoLC)1225803339 
043 |a zma---- 
050 4 |a G3701.C5  |b M57 no.I-2253 
052 |a 3182  |b M3 
074 |a 0619-G-08 
082 0 4 |a 557.3  |b I 19.91 no. I-2253 
086 0 |a I 19.91:I-2253 
049 |a TXAM 
110 2 |a Geological Survey (U.S.) 
245 1 0 |a Controlled photomosaic of the MTM -50036 quadrangle, Argyre Planitia Region of Mars /  |c U.S. Department of the Interior, U.S. Geological Survey ; prepared for the National Aeronautics and Space Administration. 
246 3 |a Argyre Planitia Region of Mars, controlled photomosaic 
255 |a Scale 1:502,000 (1 mm = 502 m) at 30° longitude ;  |b transverse Mercator projection. 
260 |a Reston, Va. :  |b The Survey ;  |a Denver, CO :  |b For sale by Map Distribution,  |c 1992. 
300 |a 1 remote-sensing image ;  |c 61 x 55 cm, on sheet 96 x 62 cm, folded in envelope 30 x 24 cm. 
336 |a cartographic image  |b cri  |2 rdacontent 
337 |a unmediated  |b n  |2 rdamedia 
338 |a sheet  |b nb  |2 rdacarrier 
490 1 |a Atlas of Mars, 1:500,000 topographic series 
490 1 |a I ;  |v 2253 
500 |a Coordinates shown as: W 40°--W 33.3°/S 47.5°--S 52.5°. 
500 |a "Prepared on behalf of the Planetary Geology Program, Solar System Exploration Division, Office of Space Science ... under contract W-15,814." 
504 |a Includes note, bibliographical references, 2 location and 2 index maps. 
500 |a "M 500k -50/36 CM, 1992." 
500 |a Index map location: MC-26 (Argyre). 
651 0 |a Mars (Planet)  |v Maps. 
651 7 |a Mars (Planet)  |2 fast  |0 (OCoLC)fst01243063 
655 0 |a Remote-sensing maps. 
655 7 |a Remote-sensing maps.  |2 fast  |0 (OCoLC)fst01423695 
655 7 |a Maps.  |2 fast  |0 (OCoLC)fst01423704 
655 7 |a Remote-sensing maps.  |2 lcgft 
710 2 |a Planetary Geology Program (U.S.) 
710 1 |a United States.  |b National Aeronautics and Space Administration. 
810 2 |a Geological Survey (U.S.).  |t Atlas of Mars.  |p 1:500,000 topographic series ;  |v MTM -50036. 
830 0 |a Miscellaneous investigations series (Geological Survey (U.S.)) ;  |v map I-2253. 
994 |a C0  |b TXA 
999 f f |s 364e26bd-926c-3e15-b7ae-8335957df8fc  |i bb061ef1-14e5-3bd6-8044-fca2f478f9c8  |t 0 
952 f f |p normal  |a Texas A&M University  |b College Station  |c Sterling C. Evans Library  |d Evans: Maps File (2nd floor)  |t 0  |e I 19.91:I-2253  |h Superintendent of Documents classification  |i unmediated -- sheet  |m A14839089321 
998 f f |a I 19.91:I-2253  |t 0  |l Evans: Maps File (2nd floor)